Technology ethics (Record no. 4612)

MARC details
000 -CABECERA
campo de control de longitud fija 02115cam a2200253zi 4500
001 - NÚMERO DE CONTROL
campo de control 17392456
005 - FECHA Y HORA DE LA ÚLTIMA TRANSACCIÓN
campo de control 20250331125243.0
008 - DATOS DE LONGITUD FIJA--INFORMACIÓN GENERAL
campo de control de longitud fija 231216t20242024enk b 001 0 eng d
020 ## - NÚMERO INTERNACIONAL ESTÁNDAR DEL LIBRO
Número Internacional Estándar del Libro 1509564047
020 ## - NÚMERO INTERNACIONAL ESTÁNDAR DEL LIBRO
Número Internacional Estándar del Libro 9781509564040
035 ## - NÚMERO DE CONTROL DEL SISTEMA
Número de control de sistema (NhCcYBP)om4440285858
035 ## - NÚMERO DE CONTROL DEL SISTEMA
Número de control de sistema 17392456
040 ## - FUENTE DE LA CATALOGACIÓN
Centro catalogador/agencia de origen NhCcYBP
Lengua de catalogación eng
Normas de descripción rda
Centro/agencia transcriptor NhCcYBP
050 #4 - SIGNATURA TOPOGRÁFICA DE LA BIBLIOTECA DEL CONGRESO
Número de clasificación BJ59
Número de documento/Ítem .U53 2024
100 ## - ENTRADA PRINCIPAL--NOMBRE DE PERSONA
Nombre de persona Umbrello, Steven,
Fechas asociadas al nombre 1993-
Término indicativo de función/relación author.
245 10 - MENCIÓN DE TÍTULO
Título Technology ethics
Resto del título : responsible innovation and design strategies
Mención de responsabilidad, etc. / Steven Umbrello.
264 #1 - PRODUCCIÓN, PUBLICACIÓN, DISTRIBUCIÓN, FABRICACIÓN Y COPYRIGHT
Producción, publicación, distribución, fabricación y copyright Cambridge ;
-- Hoboken, NJ :
Nombre del de productor, editor, distribuidor, fabricante Polity Press,
Fecha de producción, publicación, distribución, fabricación o copyright 2024.
264 #4 - PRODUCCIÓN, PUBLICACIÓN, DISTRIBUCIÓN, FABRICACIÓN Y COPYRIGHT
Fecha de producción, publicación, distribución, fabricación o copyright ©2024
300 ## - DESCRIPCIÓN FÍSICA
Extensión 132 pages ;
Dimensiones 23 cm
505 ## - NOTA DE CONTENIDO CON FORMATO
Nota de contenido con formato Technology and Society —<br/>Instrumentalism —<br/>Technological Determinism —<br/>Social Constructivism —<br/>The Design Turn —<br/>Responsible Innovation —<br/>Approaches to Ethics by Design —<br/>Ethics by Design in Action —<br/>Our Common Future with Technology.
520 ## - SUMARIO, ETC.
Sumario, etc. Technologies cannot simply be understood as neutral tools or instruments; they embody the values of their creators and may unconsciously reinforce existing inequalities and biases.<br/><br/>Technology Ethics shows how responsible innovation can be achieved. Demonstrating how design and philosophy converge, the book delves into the intricate narratives that shape our understanding of technology – from instrumentalist views to social constructivism. Yet, at its core, it champions interactionalism as the most promising and responsible narrative. Through compelling examples and actionable tools this book unravels the nuances of these philosophical positions, and is tailored to foster responsible innovation and thoughtful design. As our everyday lives further intertwine with technology, understanding and implementing these design principles becomes not just beneficial, but essential.<br/><br/>This concise and accessible introduction is essential reading for students and scholars of philosophy of technology, engineering ethics, science and technology studies, and human–machine communication, as well as policymakers.
650 #0 - PUNTO DE ACCESO ADICIONAL DE MATERIA--TÉRMINO DE MATERIA
Término de materia o nombre geográfico como elemento de entrada Technology
Subdivisión general Moral and ethical aspects.
942 ## - ELEMENTOS DE ENTRADA AGREGADA (KOHA)
Fuente del sistema de clasificación o colocación Clasificación de Library of Congress
Holdings
Estado de retiro Estado de pérdida Fuente del sistema de clasificación o colocación Estado dañado No para préstamo Biblioteca de origen Biblioteca actual Fecha de adquisición Total de préstamos Signatura topográfica completa Código de barras Fecha visto por última vez Número de copia Precio válido a partir de Tipo de ítem Koha
    Clasificación de Library of Congress     TBS Barcelona TBS Barcelona 31/03/2025   BJ59 UMB B07513 31/03/2025 1 31/03/2025 Book

Powered by Koha